Supreme Court reports : (Record no. 9294)

MARC details
000 -LEADER
fixed length control field 01026nam a22001937a 4500
003 - CONTROL NUMBER IDENTIFIER
control field OSt
005 - DATE AND TIME OF LATEST TRANSACTION
control field 20260415012046.0
008 - FIXED-LENGTH DATA ELEMENTS--GENERAL INFORMATION
fixed length control field 260330b |||||||| |||| 00| 0 eng d
020 ## - INTERNATIONAL STANDARD BOOK NUMBER
International Standard Book Number 971-16-0092-7
040 ## - CATALOGING SOURCE
Original cataloging agency DWC-Main lib.
Transcribing agency OC
082 ## - DEWEY DECIMAL CLASSIFICATION NUMBER
Classification number GR. 348.044 Su959
110 ## - MAIN ENTRY--CORPORATE NAME
Corporate name or jurisdiction name as entry element EDITORIAL STAFF OF THE CENTRAL LAWBOOK PUBLISHING CO., INC
245 ## - TITLE STATEMENT
Title Supreme Court reports :
Remainder of title annotated/
Statement of responsibility, etc. EDITORIAL STAFF OF THE CENTRAL LAWBOOK PUBLISHING CO., INC
260 ## - PUBLICATION, DISTRIBUTION, ETC.
Place of publication, distribution, etc. Manila, Philippines :
Name of publisher, distributor, etc. Central Lawbook Publishing Company, Inc.
300 ## - PHYSICAL DESCRIPTION
Extent various paging :
Dimensions 23 cm.
504 ## - BIBLIOGRAPHY, ETC. NOTE
Bibliography, etc. note v.81 - January 1 to February 31, 1978<br/>v.82 - March 1 to April 30, 1978<br/>v.83 - May 1 to June 30, 1978<br/>v.84 - July 1 to August 25, 1978<br/>v.85 - August 30 to October 24, 1979<br/>v.86 - October 30 to November 21, 1978<br/>v.87 - November 21 to December 31, 1978<br/>v.88 - January to February 28, 1979<br/>v.89 - March to April 30, 1979<br/>v.90 - May to June 19, 1979<br/>
650 ## - SUBJECT ADDED ENTRY--TOPICAL TERM
Topical term or geographic name entry element 1. Law reports, digests, etc.--- Philippines.
942 ## - ADDED ENTRY ELEMENTS (KOHA)
Source of classification or shelving scheme Dewey Decimal Classification
Koha item type General Reference
Call number prefix GR.
Suppress in OPAC No
952 ## - LOCATION AND ITEM INFORMATION (KOHA)
--
952 ## - LOCATION AND ITEM INFORMATION (KOHA)
--
952 ## - LOCATION AND ITEM INFORMATION (KOHA)
--
952 ## - LOCATION AND ITEM INFORMATION (KOHA)
--
952 ## - LOCATION AND ITEM INFORMATION (KOHA)
--
952 ## - LOCATION AND ITEM INFORMATION (KOHA)
--
952 ## - LOCATION AND ITEM INFORMATION (KOHA)
--
952 ## - LOCATION AND ITEM INFORMATION (KOHA)
--
952 ## - LOCATION AND ITEM INFORMATION (KOHA)
--
952 ## - LOCATION AND ITEM INFORMATION (KOHA)
--
Holdings
Withdrawn status Lost status Source of classification or shelving scheme Damaged status Not for loan Home library Current library Shelving location Date acquired Source of acquisition Total Checkouts Full call number Barcode Date last seen Copy number Price effective from Koha item type Uniform Resource Identifier
    Dewey Decimal Classification     College Library College Library General Reference 03/08/2026 School Fund   GR. 348.044 Su959 CL43062 04/15/2026 c1 04/15/2026 GR
    Dewey Decimal Classification     College Library College Library General Reference 03/08/2026 School Fund   GR. 348.044 Su959 43063 04/15/2026 c2 04/15/2026 GR
    Dewey Decimal Classification     College Library College Library General Reference 03/08/2026 School Fund   GR. 348.044 Su959 43064 04/15/2026 c3 04/15/2026 GR
    Dewey Decimal Classification     College Library College Library General Reference 03/08/2026 School Fund   GR. 348.044 Su959 43065 04/15/2026 c4 04/15/2026 GR
    Dewey Decimal Classification     College Library College Library General Reference 03/08/2026 School Fund   GR. 348.044 Su959 43066 04/15/2026 c5 04/15/2026 GR
    Dewey Decimal Classification     College Library College Library General Reference 03/08/2026 School Fund   GR. 348.044 Su959 43067 04/15/2026 c6 04/15/2026 GR
    Dewey Decimal Classification     College Library College Library General Reference 03/08/2026 School Fund   GR. 348.044 Su959 43068 04/15/2026 c7 04/15/2026 GR
    Dewey Decimal Classification     College Library College Library General Reference 03/08/2026 School Fund   GR. 348.044 Su959 43069 04/15/2026 c8 04/15/2026 GR
    Dewey Decimal Classification     College Library College Library General Reference 03/08/2026 School Fund   GR. 348.044 Su959 43070 04/15/2026 c9 04/15/2026 GR
    Dewey Decimal Classification     College Library College Library General Reference 03/08/2026 School Fund   GR. 348.044 Su959 43071 04/15/2026 c10 04/15/2026 GR